Statistics for Guess the footballer- medium in 1 minute

Click here to take the quiz!

General Stats

  • This quiz has been taken 39 times
  • The average score is 11 of 16

Answer Stats

Answer% Correct
Zlatan Ibrahimovic
90%
Jan Oblak
87%
Ansu Fati
83%
Ousmane Dembélé
83%
Edouard Camavinga
70%
Phillipe Coutinho
70%
Franck Kessié
67%
Jules Koundé
67%
MIke Maignan
67%
Darwin Nunez
63%
Marquinhos
63%
Aurélien Tchouaméni
60%
Dusan Vlahovic
60%
Federico Chiesa
60%
Milan Skriniar
47%
Ruben Dias
47%

Score Distribution

Percentile by Number Answered

Percent of People with Each Score

Your Score History

You have not taken this quiz